header

The gospel working up (Record no. 3902)

MARC details
000 -LEADER
fixed length control field 01467nam a2200349Ia 4500
082 04 - DEWEY DECIMAL CLASSIFICATION NUMBER
Classification number 277.55/081
100 1# - MAIN ENTRY--AUTHOR NAME
Personal name Schweiger, Beth Barton.
245 14 - TITLE STATEMENT
Title The gospel working up
260 ## - PUBLICATION, DISTRIBUTION, ETC. (IMPRINT)
Place of publication New York :
Name of publisher Oxford University Press,
Year of publication 2000.
300 ## - PHYSICAL DESCRIPTION
Number of Pages xii, 267 p. :
Other physical details ill.
490 1# - SERIES STATEMENT
Series statement Religion in America series
650 #0 - SUBJECT ADDED ENTRY--TOPICAL TERM
Topical Term Baptists
Topical Term Methodist Church
856 40 - ELECTRONIC LOCATION AND ACCESS
Uniform Resource Identifier http://site.ebrary.com/lib/rucke/Doc?id=10279340

No items available.

© 2026 Rongo University
Contact us: librarian | system librarian | Rongo university